000 00245nam a2200097Ia 4500
001 709783
005 20250826162736.0
008 250824s9999 xx 000 0 und d
245 0 _aVATAN YAHUT SİLİSTRE
_cNAMIK KEMAL
260 _bAKVARYUM YAYINLARI
999 _c709783
_d709783